Combating terrorism : (Record no. 123881)

MARC details
000 -LEADER
fixed length control field 00898nam a22002297a 4500
005 - DATE AND TIME OF LATEST TRANSACTION
control field 20181106141443.0
010 ## - LCCN (DPL NO)
LC control number B-082174 , B-201461
020 ## - INTERNATIONAL STANDARD BOOK NUMBER
Terms of availability 00.00
International Standard Book Number 8170491509
035 ## - SYSTEM CONTROL NUMBER
System control number B-082174 , B-201461
037 ## - SOURCE OF ACQUISITION
Source of stock number/acquisition Cen Lib/Ret
082 ## - DEWEY DECIMAL CLASSIFICATION NUMBER
Classification number 327
Item number COM
245 ## - TITLE STATEMENT
Title Combating terrorism :
Statement of responsibility, etc edited by Yonah Alexander
Remainder of title strategies of ten countries /
260 ## - PUBLICATION, DISTRIBUTION, ETC. (IMPRINT)
Place of publication, distribution, etc New Delhi
Name of publisher, distributor, etc Manas Publications
Date of publication, distribution, etc 2003
270 ## - ADDRESS
Address 4858, Prahlad Street, 24, Ansari Road, Darya Ganj
City New Delhi
Postal code 110002
300 ## - PHYSICAL DESCRIPTION
Extent xii,436p.
Dimensions 23cm(Hb)
500 ## - GENERAL NOTE
General note Includes bibliographical references and index
650 ## - SUBJECT ADDED ENTRY--TOPICAL TERM
Topical term or geographic name as entry element Terrorism -- Prevention
650 ## - SUBJECT ADDED ENTRY--TOPICAL TERM
Topical term or geographic name as entry element Terrorism
700 ## - ADDED ENTRY--PERSONAL NAME
Personal name Alexander, Yonah
9 (RLIN) 8365
942 ## - ADDED ENTRY ELEMENTS (KOHA)
Source of classification or shelving scheme Dewey Decimal Classification
Item type English Books
Classification part 303.625
Call number suffix COM
Holdings
Withdrawn status Lost status Not for loan Home library Current library Date acquired Source of acquisition Cost, normal purchase price Full call number Barcode Copy number Cost, replacement price Koha item type Collection code
      Central Library Central Library 12/06/2015 Cen Lib/Ret 0.00 327 COM B-082174 1 0.00 English Books  
      R.C.Libraries (zls) R.C.Libraries (zls) 06/11/2018   0.00 303.625 COM B-201461 1 0.00 English Books Non-fiction

© Delhi Public Library
Hit Counter
free hit counter